000 00287nam a22001337a 4500
008 170310b xxu||||| |||| 00| 0 eng d
020 _a0397447310
041 _aeng
080 _a616 002 77
100 _a7
101 _ashm
245 _aRHEUMATOLOGY
_cKLIPPEL.J.H
942 _2udc
_cBK
999 _c7450
_d7450